000
00342nam a2200133Ia 4500
008
210716s2015 xx 000 0 und d
041
_a
eng
082
_a
338.5 TANP
100
_a
Tandon, Pankaj.
245
_a
Text book of microeconomic theory..
250
_a
1
260
_a
New Delhi
_b
Sage Publications
_c
2015
300
_a
xiv,439,A16,I10
999
_c
211145
_d
211145